বাংলাদেশের চলচ্চিত্র : (Record no. 60209)
[ view plain ]
| 000 -LEADER | |
|---|---|
| fixed length control field | 01008nam a2200241 a 4500 |
| 001 - CONTROL NUMBER | |
| control field | 60209 |
| 003 - CONTROL NUMBER IDENTIFIER | |
| rucl marc code | BD-RjUL |
| 005 - DATE AND TIME OF LATEST TRANSACTION | |
| control field | 20211209080820.0 |
| 008 - FIXED-LENGTH DATA ELEMENTS--GENERAL INFORMATION | |
| fixed length control field | 161229s2008 b ||||| |||| 001 0 eng d |
| 020 ## - INTERNATIONAL STANDARD BOOK NUMBER | |
| International Standard Book Number | 9840747002 |
| 035 ## - SYSTEM CONTROL NUMBER | |
| System control number | (BD-RjUL)60333 |
| 040 ## - CATALOGING SOURCE | |
| Original cataloging agency | BD-RjUL |
| Language of cataloging | ben |
| Transcribing agency | BD-RjUL |
| Modifying agency | BD-RjUL |
| 041 ## - LANGUAGE CODE | |
| Language code of text/sound track or separate title | ben |
| 082 ## - DEWEY DECIMAL CLASSIFICATION NUMBER | |
| Edition number | 23 |
| Classification number | 791.435492 |
| Author mark and year | ISB 2008 |
| 100 ## - MAIN ENTRY--PERSONAL NAME | |
| Personal name | ইসলাম, অাহমেদ আমিনুল |
| 9 (RLIN) | 177229 |
| 245 10 - TITLE STATEMENT | |
| Title | বাংলাদেশের চলচ্চিত্র : |
| Remainder of title | আর্থসামাজিক পটভূমি ১৯৭০-১৯৮০ দশক / |
| Statement of responsibility, etc. | অাহমেদ আমিনুল ইসলাম |
| 260 ## - PUBLICATION, DISTRIBUTION, ETC. (IMPRINT) | |
| Place of publication, distribution, etc. | ঢাকা : |
| Name of publisher, distributor, etc. | বাংলা একাডেমি , |
| Date of publication, distribution, etc. | ২০০৮ |
| 300 ## - PHYSICAL DESCRIPTION | |
| Pagination | [১০], ৩৫৯ পৃ. |
| Illustrations | চিএ , |
| Size | ২৪ সেমি. |
| 500 ## - GENERAL NOTE | |
| General note | গ্রন্হপঞ্জি |
| 650 ## - SUBJECT ADDED ENTRY--TOPICAL TERM | |
| Topical term or geographic name as entry element | চলচ্চিএ |
| Geographic subdivision | বাংলাদেশ |
| 9 (RLIN) | 170413 |
| Topical term or geographic name as entry element | Motion pictures |
| Geographic subdivision | Bangladesh |
| 9 (RLIN) | 179249 |
| 942 ## - ADDED ENTRY ELEMENTS (KOHA) | |
| Source of classification or shelving scheme | Dewey Decimal Classification |
| Koha item type | Books |
| Lost status | Source of classification or shelving scheme | Damaged status | Not for loan | Collection code | Permanent Location | Current Location | Shelving location | Date acquired | Source of acquisition | Cost, normal purchase price | Total Checkouts | Full call number | Date last seen | Copy number | Koha item type |
|---|---|---|---|---|---|---|---|---|---|---|---|---|---|---|---|
| Dewey Decimal Classification | Not For Loan | Non-fiction | Central Library, University of Rajshahi | Central Library, University of Rajshahi | Reading Room | 09/06/2011 | Bengla ecademy Dhaka | 230.00 | B 791.435492 ISB 2008 | 29/12/2016 | C-1 | Books | |||
| Dewey Decimal Classification | Non-fiction | Central Library, University of Rajshahi | Central Library, University of Rajshahi | 09/06/2011 | Bangla Academy, Dhaka | 230.00 | B 791.435492 ISB 2008 | 24/01/2017 | C-2 | Books |